00609nam a22001817a 450000500170000001000150001702000260003203500140005803700130007208200080008510000160009324500830010926000620019227000450025430000210029950000710032070000360039120250908140730.0 aENG-146678 c180.00a9788194447221 aEN-130210 bDBAD/PUB a881 aJose, K. J. aRhapsody;cK. J. Jose And Edited by T. BalasubramanianbA Collection Of Poems/ c2024aDelhibB. M. Kaeley Inter University Press (P) Ltd. a30/7, Shakti Nagar, DelhibDelhie110007 a124p.c24cm(pbk) aWith MCQS, Logic- Based Questions, Short And Long Answer Questions aBalasubramanian, T.eEdited By